Statystyki dla Quiz: współcześni zawodnicy nba

Kliknij tutaj aby rozwiązać quiz!

Ogólne statystyki

  • Ten quiz został rozwiązany 806 razy
  • Średni wynik to 7 z 15

Statystyki odpowiedzi

OpisOdpowiedź% Poprawnych
4-krotny mistrz nba, 2-krotny mvp ligi,
przez całą karierę gra w Golden State Warriors
Stephen Curry
97%
Leworęczny rozgrywający, mvp ligi za czasu gry w
Houston Rockets
James Harden
92%
Zanim jeszcze grał w nba został najmłodszym
mvp Euroligi grając w Realu Madryt
Luka Doncic
90%
Rozgrywający Atlanty Hawks, który został wybrany w
drafcie przez Dallas Mavericks
Trae Young
69%
Ten zawodnik oddał legendarny rzut który dał Toronto
Raptors wygraną w serii z Philadelphią 76ers w
playoffach w 2019 roku
Kawhi Leonard
61%
1 pick draftu 2022Paolo Banchero
59%
Rozgrywający, rozpoczął karierę w New Orleans
Pelicans, nigdy nie wygrał ligi
Chris Paul
50%
Center, który swoje najlepsze lata spędził w Orlando
Magic. Pomimo że jest jednym z najlepszych
podkoszowych w historii nie znalazł się w gronie
75 najlepszych zawodników nba w historii
Dwight Howard
42%
Zawodnik z największym kontraktem w historii nbaNikola Jokic
32%
Filipińczyk, zdobywca nagrody 6th manJordan Clarkson
22%
Zwycięzca konkursu trójek podczas weekendu gwiazd
w 2022 roku
Karl Anthony-Towns
22%
Najniższy zawodnik w historii ligi, który zanotował
triple-double
Isaiah Thomas
21%
Syn byłej gwiazdy nba, jednokrotny zwycięzca ligi,
od sezonu 2022/2023 gra w Blazers
Gary Payton II
20%
Tylko dwóch zawodników wygrało lige minimum 3 razy,
Wystąpiło w min. 3 meczach gwiazd oraz wygrało
nagrodę dpoy. Jednym z nim jest Micheal Jordan, a
drugi to:
Draymond Green
12%
Został zablokowany przez tablicę przy próbie wsaduKentavious
Caldwell-Pope
5%

Rozkład punktacji

Percentyl według liczby udzielonych odpowiedzi

Procent ludzi z każdym wynikiem

Twoja historia wyników

Nie rozwiązałeś tego quizu